Mammals
| Main Author: | |
|---|---|
| Format: | Book |
| Published: |
London :
Grange Books ,
1993
|
| Series: | Nature facts
|
| Subjects: |
MARC
| LEADER | 00000cam a2200000 7i4500 | ||
|---|---|---|---|
| 001 | 0000002753 | ||
| 002 | 000002983 | ||
| 005 | 20060207.0 | ||
| 020 | |a 1856273393 | ||
| 090 | 0 | 0 | |a 508 |b ALD |
| 100 | 1 | |a Alderton, David |f Dr | |
| 245 | 1 | 0 | |a Mammals |c David Alderton |
| 260 | |a London : |b Grange Books , |c 1993 | ||
| 300 | |a 108p. : |b ill ; |c 28cm. | ||
| 490 | 0 | |a Nature facts | |
| 650 | 0 | 0 | |a Mammals |x Juvenile literature |
| 999 | |a 036353 |b BUKU |c JUNIOR BOOKS |e PERPUSTAKAAN KOMUNITI PETALING JAYA | ||